| 000 | 00723nam a2200253 4500 | ||
|---|---|---|---|
| 001 | 7674 | ||
| 003 | BD-RjUL | ||
| 005 | 20211208234444.0 | ||
| 008 | 140115s1967 enka 001 0 eng | ||
| 035 | _a(BD-RjUL)7718 | ||
| 040 |
_aDLC _cDLC _dBD-RjUL _beng |
||
| 041 | _aeng | ||
| 082 | 0 | 0 |
_a398.37 _bPAE 1967 |
| 100 | 1 |
_aPalmer, Geoffrey. _923926 |
|
| 245 | 1 | 0 |
_aExploring superstitions / _cGeoffrey Palmer and Noel Lloyd; illustrated by Sylvia and Cyril Deakins. |
| 260 |
_aLondon : _bOdhams, _c1967. |
||
| 300 |
_a96 p. _billus. _c21 cm. |
||
| 504 | _aInclude index. | ||
| 650 | 0 |
_aSuperstition. _920928 |
|
| 700 | 1 |
_aLloyd, Noel _ejoint author. _923927 |
|
| 942 |
_2ddc _cBK |
||
| 999 |
_c7674 _d7674 |
||